[Event "Ljubljana"]
[Site "Ljubljana"]
[Date "1997.??.??"]
[Round "6"]
[White "Atalik, Suat"]
[Black "Vukic, Milan"]
[Result "1/2-1/2"]
[WhiteElo "2555"]
[BlackElo "2490"]
[Annotator "Ribli,Z"]
[PlyCount "59"]
[EventDate "1997.05.20"]
[EventType "tourn"]
[EventRounds "11"]
[EventCountry "SLO"]
[EventCategory "9"]
[SourceTitle "CBM 058 Extra"]
[Source "ChessBase"]
[SourceDate "1997.07.29"]
[SourceVersion "1"]
[SourceVersionDate "1997.07.29"]
[SourceQuality "1"]

1. d4 Nf6 2. c4 d6 3. Nf3 Nbd7 4. Nc3 e5 5. e4 c6 6. Be2 Be7 7. O-O O-O 8. Qc2
a6 9. Rd1 Qc7 10. Bg5 Re8 (10... b6 11. Rac1 Bb7 12. Bh4 (12. b4 Rfe8 13. a3
Rac8 14. h3 Qb8 15. Bf1 exd4 16. Nxd4 d5 17. Nf5 Bf8 {Dokhoian,Y-Pedersen,E/
Aarhus op 1991/EXT 91op2/1/2-1/2 (66)}) 12... Rfe8 13. c5 $1 dxc5 14. dxe5 Nxe5
15. Na4 Ned7 16. Bg3 Qc8 17. Ng5 b5 18. e5 bxa4 19. Bc4 Rf8 20. Rxd7 Qxd7 21.
exf6 g6 22. Rd1 Qe8 23. Re1 {1-0 Baragar,F-Piasetski,L/CAN-ch 1994 (28)}) (
10... b5 11. a3 (11. Rac1 b4 12. Nb1 c5 13. d5 h6 14. Be3 Ng4 15. Bd2 Nb6 16.
h3 Nf6 17. Ne1 g5 {1/2-1/2 Stimpel,F-Klein,K/GER-ch Sen 1996/EXT 96ch2 (27)})
11... Bb7 12. Rac1 Rfe8 13. b4 Qb8 14. dxe5 dxe5 {1/2-1/2 Franic,M-Loncar,R/
CRO-ch Porec 1994 (21)}) 11. Bh4 $146 {Weiß spielt einen profilaktischen Zug
und vermeidet das atempo spielbare 11...h6. In einigen Varianten steht der
Läufer gut auf g3.} (11. a3 b5 12. dxe5 dxe5 13. b4 bxc4 $2 14. Bxc4 Nf8 15.
Qa2 Be6 16. Rac1 h6 17. Bxe6 fxe6 18. Bh4 Nh5 19. Bxe7 Rxe7 20. Ne2 Rf7 21. Qc4
{1-0 Mai,I-Ehrke,A/BLW9394 1994/BIG 90 (47)}) (11. d5 c5 12. a4 b6 13. Ne1 h6
14. Be3 Nf8 15. f3 Nh5 16. g3 g5 17. Bf2 Ng7 18. Ng2 f5 19. Ne3 f4 20. Nf5 h5
21. g4 a5 {1/2-1/2 Ikonnikov,V-Meister,Y/Cheliabinsk 1990/EXT 90}) (11. Rac1 h6
(11... b6 $6 12. Bh4 Bb7 13. c5 $5 exd4 14. cxb6 Qxb6 15. Nxd4 Bf8 16. Nf5 {
1-0 Yusupov,A-Christiansen,L/Deutschland 1993 (49)}) 12. Bh4 (12. Bd2 Nf8 13.
d5 Bg4 14. Be3 Rab8 15. Ne1 Bxe2 16. Qxe2 cxd5 17. cxd5 Qd7 18. f3 Rec8 19. Nd3
b5 {Ovchinikova,J-Pisakov,I/1/2 final Russia Cup, Perm RUS 1997/1-0 (56)})
12... Nf8 (12... Nh7 13. Bxe7 Rxe7 14. b4 b6 15. c5 $14 {1/2-1/2 Vukanovic,
S-Ibragimov,I/Ljubljana op 1996}) 13. c5 $5 exd4 14. cxd6 Bxd6 15. Rxd4 Ng4 16.
Bg3 Bxg3 17. hxg3 Qe7 18. Qd2 $1 {1-0 Filippov,V-Genba,V/RUS-chJ Moscow 1995 
(40)}) (11. Rd2 {Dieser schablonenhafte Zug verschafft Weiß keinen Vorteil.} h6
12. Bh4 Nf8 13. c5 {Das ist ein typisches Motiv für diese Variante.} exd4 14.
cxd6 Bxd6 15. Bxf6 (15. Rxd4 Ng4 16. Bg3 Bxg3 17. hxg3 Qe7 18. Rad1 Qc5 19. b4
Qa7 20. Bf1 c5 $11) 15... dxc3 16. Bxc3 Bf4 {[%csl Rd2] Das ist der Nachteil
von 11.Rd2.} 17. Rdd1 Bg4 18. g3 Bxf3 19. Bxf3 Be5 20. Bxe5 Rxe5 $11 {Die
weiße Bauernmehrheit am Königsflügel (!) ist nicht leicht zu mobilisieren, und
der Punkt d4 ist schwach - besonders in einem Endspiel Q-B gegen Q-N.}) 11...
Nf8 (11... h6 $5 12. c5 exd4 13. cxd6 Bxd6 14. Rxd4) (11... b5 12. a3 (12. dxe5
dxe5 13. cxb5 cxb5 14. Rac1 $5) (12. cxb5 cxb5 (12... axb5 $2 13. Nxb5 {
[%cal Gc2c7]}) 13. a3)) 12. c5 {Weiß muß sich mit diesem Zug beeilen, sonst
kommt Schwarz mit 12...Ng6.} (12. d5 Ng6 13. Bg3 c5 {[%csl Rg3] Weiß hat bei
geschlossenem Zentrum Raumvorteil, sein Bg3 steht jedoch noch passiv.}) 12...
exd4 13. cxd6 Bxd6 14. Rxd4 (14. Bxf6 dxc3 (14... gxf6 $2 {Schwarz besitzt
zwar das Läuferpaar, aber seine Bauernstruktur ist zu schwach.} 15. Rxd4) 15.
Bxc3 Bg4 16. g3 (16. h3 Bxf3 17. Bxf3 Be5 $11 {Die schwarze Stellung ist
solide.}) 16... Bxf3 17. Bxf3 Be5 $11) 14... Ng4 15. Bg3 Bxg3 16. hxg3 Qe7 (
16... Qa5 $6 {[%cal Ga5h5,Gh5h2]} 17. Qd2 Qh5 18. Qg5 Qxg5 19. Nxg5 Ne6 20.
Nxe6 Bxe6 21. f4 $14) 17. Qd2 Ng6 $11 {Schwarz kontrolliert das wichtige
Zentrumsfeld e5.} (17... Ne6 18. Rd6 {[%csl Gd6]}) 18. Rd1 Nf6 (18... N4e5 19.
Nxe5 Nxe5 20. f4 $14) 19. b4 {Das ist ein Verteidigungszug gegen die Drohung
19...c5.} (19. Ne1 $6 c5) 19... b5 (19... a5 20. b5 c5) 20. a4 a5 $1 $15 {
Schwarz steht etwas besser. Er hat keine Schwäche, und seine Figuren stehen
aktiv.} 21. e5 {Weiß opfert selbst einen Bauen für etwas Gegenspiel.} (21. axb5
$2 axb4 $17) (21. bxa5 b4 $17 {[%csl Rd4]}) 21... Nxe5 22. Nxe5 Qxe5 23. Bf3 {
[%csl Gf3] Weiß hat einen Bauern weniger, aber sein Läufer steht aktiv.} axb4
24. Nxb5 $5 (24. Rxb4 bxa4 (24... Qc5 25. Nxb5 Nd5 26. Rd4 $11) 25. Bxc6 Qc5
26. Bxa8 Qxb4 {[%csl Ga4]} 27. Bc6 {[%cal Rc6a4,Rc6e8]}) 24... Bg4 $1 25. Bxg4
cxb5 26. Bf3 Rxa4 (26... Rab8 27. Rxb4 bxa4 28. Rxa4 $11) 27. Bc6 $1 $11 {
Schwarz hat jetzt zwei Bauern mehr, aber der eine (Pb4) hängt sofort und der
andere (Pb5) ist kaum zu halten.} Rf8 (27... Rc8 $2 28. Rd8+ $18) 28. Rxb4 Rxb4
29. Qxb4 g6 (29... Rb8 $5 30. Qa5 h6 (30... g6 31. Rd8+ Rxd8 32. Qxd8+ Kg7 33.
Qa5) 31. Rd8+ Rxd8 32. Qxd8+ Kh7 33. Qd3+ $11) 30. Qxb5 {Und in dieser
ausgeglichenen Stellung wurde Remis gegeben.Ribli.} 1/2-1/2

[Event "FRA-ch"]
[Site "Montpellier"]
[Date "1991.??.??"]
[Round "?"]
[White "Hauchard, Arnaud"]
[Black "Anic, Darko"]
[Result "1/2-1/2"]
[WhiteElo "2435"]
[BlackElo "2410"]
[Annotator "Ribli,Z"]
[PlyCount "82"]
[EventDate "1991.08.??"]
[EventType "tourn"]
[EventRounds "15"]
[EventCountry "FRA"]
[EventCategory "8"]
[SourceTitle "CBM 027"]
[Source "ChessBase"]
[SourceDate "1992.04.01"]
[SourceVersion "1"]
[SourceVersionDate "1992.04.01"]
[SourceQuality "1"]

1. c4 Nf6 2. Nc3 c6 3. e4 e5 4. Nf3 d6 5. d4 Nbd7 6. Be2 Be7 7. O-O O-O 8. Re1
a6 (8... Qe8 9. Bf1 Kh8 10. Rb1 Bd8 11. b4 Bc7 12. h3 Rg8 13. Be3 exd4 14. Nxd4
Ne5 15. f4 Ng6 16. Qf3 $14 {Lutz,C-Buecker,S FRG-ch 1991 CBM/24}) 9. Bf1 Re8
10. a3 (10. Rb1 b5 11. b4 Qc7 12. a3 exd4 13. Nxd4 Nb6 14. cxb5 cxb5 15. Bb2
Bf8 16. Rc1 Qb7 17. Nb3 Be6 18. Na5 $14 {Lutz,C-Schuh,H FRG-ch 1991 CBM/24})
10... Qc7 (10... b5 11. b4 exd4 12. Nxd4 Ne5 13. Bf4 Bb7 14. Nb3 Rc8 15. Na5
$14 {Ruban,V-Serper,G URS-YM Tbilisi 1989 CBM/12}) 11. b4 exd4 12. Nxd4 Bf8 13.
Bg5 a5 14. Rb1 axb4 15. axb4 g6 16. Qd2 Qb6 17. f3 Bg7 18. Be3 $14 Qd8 19. Bf2
Qe7 20. Nb3 Nh5 21. Rbc1 Ne5 22. Red1 Qf6 23. Be3 (23. Qxd6 Qxd6 24. Rxd6 Bf8
$13) 23... h6 24. Na5 g5 25. Na4 g4 26. Nb6 g3 27. hxg3 Nxg3 28. Bf2 (28. Nxa8
Qh4 29. Bf4 Qh1+ 30. Kf2 Ng4+ $1 31. fxg4 Nxe4+ $44) 28... Qh4 29. Bxg3 Qxg3
30. Qf2 Qxf2+ 31. Kxf2 Rb8 32. Rb1 (32. Rxd6 $5 Bf8 33. c5 Bxd6 34. cxd6 $146)
32... Bf8 33. Nxc8 Rexc8 34. Nb3 c5 35. bxc5 dxc5 36. Rd5 Ng6 37. g3 b6 38. Bh3
Rc7 39. Rbd1 Ra8 40. Bf5 Ra2+ 41. R1d2 Ra3 1/2-1/2

[Event "USA-ch"]
[Site "Long Beach"]
[Date "1993.??.??"]
[Round "11"]
[White "Fedorowicz, John P"]
[Black "Shabalov, Alexander"]
[Result "0-1"]
[WhiteElo "2545"]
[BlackElo "2590"]
[Annotator "Ribli,Z"]
[PlyCount "128"]
[EventDate "1993.12.??"]
[EventType "tourn"]
[EventRounds "11"]
[EventCountry "USA"]
[EventCategory "14"]
[SourceTitle "CBM 039"]
[Source "ChessBase"]
[SourceDate "1994.04.01"]
[SourceVersion "1"]
[SourceVersionDate "1994.04.01"]
[SourceQuality "1"]

1. e4 {Bulletin} c6 2. c4 e5 3. Nf3 d6 4. d4 Nd7 5. Nc3 Ngf6 6. Be2 Be7 7. O-O
O-O 8. Re1 (8. Be3 $5) (8. Rb1 {Bulletin} a6 9. d5 cxd5 10. cxd5 b5 11. a3 Nb6
{was seen in Karpov-Christiansen, Monaco Rapid 1993.}) (8. Qc2 {Bulletin} a6 (
8... a5 9. Rd1 Qc7 10. Bg5 Re8 11. Rac1 Nf8 12. d5 h6 13. Bxf6 Bxf6 14. c5 dxc5
15. dxc6 bxc6 16. Na4 Ne6 17. Nxc5 Nd4 18. Nxd4 exd4 {led to complex play in D.
Gurevich-Fabiano, St. Martin 1993.}) 9. Rd1 Qc7 10. Bg5 Re8 11. Rac1 b6 12. Bh4
Bb7 13. c5 $5 exd4 14. cxb6 {was slightly better for White in
Yusupov-Christiansen, Germany 1993.}) (8. d5 {Bulletin} a6 9. Be3 cxd5 10. cxd5
Ng4 (10... b5 {Bulletin} 11. Nd2 Nxe4 $5 12. Ncxe4 f5 13. a4 $1 b4 14. a5 fxe4
15. Nxe4 Nf6 16. Nxf6+ Bxf6 17. Bb6 Qe7 18. Ra4 $1 $16 {Psakhis-Zapata, Manila
Olympiad 1992.}) 11. Bd2 b5 {can be met by Kramnik's} 12. Ne1 $1 {for example:}
Ngf6 13. Nc2 Nc5 14. f3 $14 {Checkhov,V-Hickl,J/BL 1992/}) (8. h3 {Bulletin} a6
9. Be3 Qc7 10. d5 c5 11. Rb1 Ne8 12. b4 {was seen in Blee-Muelders, Brussels
1993.}) 8... Re8 (8... a6 {Bulletin} 9. a4 a5 10. Bf1 Qc7 11. d5 Nc5 12. h3 h6
13. Bd3 Nh7 14. Bc2 Bd7 15. Ne2 cxd5 16. cxd5 Ng5 {was roughly level in
Paschall-Cherniayev, New York Open 1993.}) (8... Qc7 {Bulletin} 9. Bf1 a6 10.
h3 (10. Nh4 Re8 11. Nf5 Bf8 12. Be3 b5 13. a3 bxc4 14. Bxc4 d5 15. Ba2 dxe4 16.
d5 Nb6 17. d6 Qb7 18. Ng3 $44 {was the exciting line seen in Oll-Vaganian,
Rostov 1993.}) 10... b5 11. a3 Re8 12. Bg5 Bb7 13. Rc1 Qb8 14. b4 Nf8 15. d5
N8d7 16. a4 $14 {, De Boer-Van der Wiel, Wijk aan Zee 1993.}) 9. Bf1 a6 (9...
Bf8 {Bulletin} 10. d5 (10. h3 h6 11. a3 a5 12. Rb1 Qc7 13. d5 Nb6 14. Be3 Bd7
15. Nd2 Be7 16. g3 {gave White a slight advantage in Grefe-Levy (not the IM),
California 1993.}) 10... a5 11. Qc2 Qc7 12. Be3 Ng4 13. Bg5 Be7 14. Bd2 Nc5 {
and Black had the initiative in Gonzalez-Zapata, Capablanca Memorial 1993.})
10. a3 $1 (10. a4 $2 a5 $1) 10... Qc7 (10... b5 11. b4 Bb7 $2 12. dxe5 dxe5 13.
c5 $1) 11. b4 b6 (11... exd4 $14 {Hauchard,A-Anic,D/FRA ch/1991/CBM27/}) 12.
Bb2 Nf8 $1 13. h3 Ng6 14. Rc1 Bf8 15. Qd2 Bb7 $2 16. d5 $5 c5 17. Na4 $1 (17.
bxc5 $5 dxc5 (17... bxc5 18. Na4 $14) 18. a4 $1 $14) 17... Bc8 18. bxc5 dxc5 $5
(18... bxc5 19. Bc3 $14) 19. Bc3 Bd7 20. Nb2 Bd6 21. Nd3 h6 22. Qd1 $1 Nh7 23.
Nd2 Rf8 (23... Ng5 24. Qh5 $14) 24. f4 f6 (24... exf4 $2 25. e5 $18) 25. f5 Ne7
26. Be2 g6 27. fxg6 Nxg6 28. Bh5 (28. Bg4 $5 f5 $2 29. exf5 Bxf5 30. Bxf5 Rxf5
31. Qg4 Rg5 32. Qe6+ Kg7 33. Ne4 $18) 28... Be8 29. Bg4 Kh8 30. Nf1 Rg8 31. Ne3
Nh4 32. Rf1 h5 33. Be6 (33. Bxh5 Ng5 (33... Qg7 34. Bg4 $18) 34. Bxe8 Raxe8 (
34... Nxh3+ 35. Kh2 $18) 35. Qh5+ Qh7 36. Qxh7+ Kxh7 37. Be1 $18) 33... Rg3 34.
Be1 (34. Qe2 Ng5 35. Be1 Ngf3+ $1 (35... Nxe4 $2 36. Bxg3 Nxg3 37. Qf2 Nxf1 38.
Rxf1 Ng6 39. Qxf6+ $16) 36. Kh1 (36. Kf2 Nd4) 36... Nxe1) 34... Rxe3 35. Bxh4
Rxe4 36. Bxf6+ Nxf6 37. Rxf6 Qg7 38. Bf5 (38. Qf3 Rf4 39. Rxf4 exf4 40. Kh1 Qg3
$13) 38... Qxf6 39. Bxe4 Ra7 40. Qe2 (40. Qf3 Qh4 $13) (40. Rc2 {/\ Rf2, Qf3})
(40. a4 {/\ a5}) 40... Rg7 41. Rf1 Qh4 42. Nf2 (42. Rf3 {/\ Nf2}) 42... Bd7 43.
a4 $2 Bxa4 44. Bf5 Be7 45. Ne4 Bg5 46. Qb2 (46. Nxg5 $5 Qxg5 47. Be4 $15) 46...
Be3+ 47. Kh1 Bd7 $1 48. Bxd7 (48. Qxb6 Bxf5 49. Rxf5 Qe1+ 50. Kh2 Qg1#) (48.
Qxe5 Bd4 49. Qf4 Qxf4 50. Rxf4 Rf7 $17) 48... Qxe4 49. Be6 Bf4 50. Qf2 Rg6 51.
Re1 Qxc4 52. Qh4 Rg5 53. Qf2 (53. Rxe5 $2 Qf1#) 53... Qd4 54. Qf3 Kg7 55. h4
Rg6 56. Bf5 Rg3 57. Qxh5 Qf2 58. Qh7+ Kf6 59. Qh8+ Kxf5 60. Qf8+ Kg4 61. Qg7+
Kxh4 62. Qh7+ Kg5 63. Qg7+ Kh5 64. Qf7+ Kh6 0-1

[Event "RUS-Cup4"]
[Site "Perm"]
[Date "1997.02.11"]
[Round "4"]
[White "Sorokin, Maxim"]
[Black "Peregudov, Nickolai"]
[Result "1-0"]
[WhiteElo "2560"]
[BlackElo "2350"]
[Annotator "Ribli,Z"]
[PlyCount "83"]
[EventDate "1997.02.02"]
[EventType "swiss"]
[EventRounds "9"]
[EventCountry "RUS"]
[SourceTitle "CBM 058"]
[Source "ChessBase"]
[SourceDate "1997.06.01"]
[SourceVersion "1"]
[SourceVersionDate "1997.06.01"]
[SourceQuality "1"]

1. d4 d6 2. Nf3 Nf6 3. c4 Nbd7 4. Nc3 e5 5. e4 c6 6. Be2 Be7 7. O-O exd4 $6 {
Nach meiner Meinung kann Schwarz warten mit diesem Zug. Die Zentrumaufgabe ist
nur für Weiß vorteilhaft.Ribli.} (7... O-O $5 8. Be3 {[%cal Yd4d5]} (8. Re1 {
[%cal Ye2f1]}) (8. Qc2 {[%cal Yf1d1]})) 8. Nxd4 Nc5 (8... O-O 9. Nf5 Nc5 10.
Nxe7+ Qxe7 11. f3 $14 {[%csl Rd6] Weiss hat eine bequeme Stellung mit dem
Laeuferpaar und Raumvorteil und Schwarz hat keinerlei aktive Möglichkeiten.
Ribli.}) 9. Qc2 a5 {Schwarz sichert die c5-Springerstellung gegen eventuelles
b2-b4.Ribli.} 10. Bf4 {[%csl Rd6] Weiss folgt einem einfachem Plan - mit
Turmverdoppelung will er gegen den schwarzen d-Bauern drücken.Ribli.} Qc7 11.
Rad1 {[%csl Rd6][%cal Yd4b5] Schwarz bleibt nur übrig seine einzige Schwäche
zu verteidigen und sein Hauptproblem ist, daß er kein Gegenspiel hat.Ribli.}
O-O 12. Rd2 {[%cal Yf1d1,Rd2d6,Rf4d6]} Be6 (12... Ne6 13. Be3 $14 (13. Nxe6 $5
Bxe6 (13... fxe6 14. c5 e5 15. cxd6 Bxd6 16. Be3 b5 $2 17. Bxb5 cxb5 18. Qb3+
Kh8 19. Nxb5 $18) 14. Rfd1 Rad8 15. c5 $36 {[%csl Rd6]})) 13. Rfd1 Rad8 14. Bg3
{[%csl Yc4,Yd4,Ye4][%cal Yf2f4] Weiß hält den Druck gegen d6 und bereitet
gleichzeitig das starke f2-f4 vor.Ribli.} Rfe8 15. Nxe6 (15. f4 $5) 15... fxe6
$5 (15... Nxe6 16. Na4 $14 {[%csl Rd6][%cal Yc4c5]} (16. f4 $14)) 16. f4 {
Jetzt hat dieser Zug hauptsächlich positionellen Sinn, um nach schwarzem 16...
e5 17.f5 zu ziehen, mit der Idee das Feld e6 dem schwarzen Springer zu nehmen.
Ribli.} e5 17. f5 g6 18. Bf2 {Verbessert die Läuferstellung. Der
dunkelfeldrige B hatte keine Perspektive auf seinen früheren Feld..Ribli.} Kh8
19. a3 Rg8 20. Kh1 $5 {Ein nützlicher prophylaktischer Zug. Weiß vermeidet
eventuelle Unangenehmlichkeiten in der g-Linie.Ribli.} Ra8 21. g4 {[%cal Yg4g5,
Yf5f6] Dieser natuerliche Bauernsturm ist sehr stark.Weiss hat eine kaum
haltbare Bauernmehrheit am Koenigsfluegel.Ribli.} Nfd7 {Erzwungen, es drohte
22.g5 und 23.f6.Ribli.} 22. b4 $1 {Weiss spielt am ganzen Brett,und kombiniert
die Drohungen am Damen-und Koenigsfluegel.Ribli.} axb4 23. axb4 Na6 24. Qb2 $1
{Weiß verteidigt seinen b4-Bauern und schielt zum schwarzen Koenig.} Nb6 {
[%csl Ra6,Rb6][%cal Gb2b4,Yb2g7]} 25. f6 $1 Bxf6 26. Rxd6 Be7 27. Bxb6 Qxd6 (
27... Qxb6 28. Nd5 $18) 28. Rxd6 Bxd6 29. b5 {Weiss hat gute
Gewinnmöglichkeiten. Nur sein weißfeldriger B spielt noch nicht mit.Ribli.} (
29. c5 {Dieser Zug waere auch gut, allerdings hätte der B auf b6 dann keine
gute Rolle.Ribli.}) 29... Nc5 30. Qd2 Be7 31. Bc7 Rgf8 (31... Bf6 32. Qd6 $18 {
[%csl Rc5,Rf6]}) 32. Bxe5+ Kg8 33. Kg2 Rad8 34. Qa2 Bg5 {Schwarz hat nur
symbolische Drohungen. Weiss hat die wichtigen Punkte unter Kontrolle und sein
Figurenvorteil wird sich sich frueher oder spaeter zeigen.Ribli.} 35. Qa3 Ne6
36. c5 $18 {[%cal Ye2c4,Yc4e6] Droht 37.Bc4 und Weiss hat alle Kräfte gegen
den schwarzen Koenig gerichtet.Ribli.} Rd2 37. Qb3 {[%csl Re6]} Kf7 $8 38. Kg3
h5 39. gxh5 gxh5 40. Bxh5+ Ke7 41. Bd6+ Kd8 42. Qxe6 {Und Schwarz gab in
dieser hoffnungslosen Stellung auf.Ribli.} 1-0

[Event "St Petersburg op"]
[Site "St Petersburg"]
[Date "1994.??.??"]
[Round "4"]
[White "Polovodin, Igor A"]
[Black "Genba, Vladimir"]
[Result "1-0"]
[WhiteElo "2440"]
[BlackElo "2350"]
[Annotator "Ribli,Z"]
[PlyCount "99"]
[EventDate "1994.02.??"]
[EventType "swiss"]
[EventRounds "9"]
[EventCountry "RUS"]
[SourceTitle "CBM 041"]
[Source "ChessBase"]
[SourceDate "1994.08.01"]
[SourceVersion "1"]
[SourceVersionDate "1994.08.01"]
[SourceQuality "1"]

1. d4 Nf6 2. c4 d6 3. Nc3 e5 4. Nf3 Nbd7 5. e4 Be7 6. Be2 O-O 7. O-O c6 8. Re1
a6 9. Rb1 Re8 10. Bf1 h6 (10... Qc7 11. b4 Nf8 12. h3 h6 13. Be3 Ng6 14. Qd2
Bd7 15. d5 $13 {Michelakis,G-Stefansson,H/WchJ-Buenos Aires/1992/EXP32/}) (
10... b5 11. b4 Qc7 12. a4 $14 {Marin,M-Neumann,F/Budapest Spring/1990/EXP17/})
11. b4 exd4 12. Nxd4 Bf8 13. h3 Qc7 14. Bf4 Ne5 15. a4 a5 (15... b5 16. cxb5
cxb5 17. Rc1 $14) 16. b5 Nfd7 17. Bg3 Nc5 18. f4 Ng6 (18... Ned7 19. Kh1 Nf6
20. Qf3 $14) 19. Nb3 $1 Nxb3 20. Qxb3 Bd7 21. Kh1 Qd8 $6 (21... Rad8 $5) 22.
Rbd1 Qc8 23. Rd2 Qc7 24. Red1 Bc8 25. Be2 Qb6 26. Bf3 Qe3 27. Re2 Qc5 28. Na2
$1 $14 Qb6 29. Nc1 Be7 30. Bf2 Qc7 31. Nd3 Bf8 32. f5 Ne5 33. Nxe5 Rxe5 (33...
dxe5 34. c5 Bd7 35. b6 Qc8 36. Red2 $16) 34. Bg3 Re8 35. Red2 Qb6 (35... Rd8
36. b6 Qe7 37. c5 $18) 36. Bxd6 Bxd6 37. Rxd6 Qc7 38. Qd3 Qe7 39. c5 Kf8 40.
bxc6 (40. b6 $5 $18) 40... bxc6 41. Qd4 Rb8 (41... Kg8 42. Rxc6 Bb7 43. f6 gxf6
44. Rxf6 $18) 42. Rxh6 $1 Kg8 43. Rxc6 Rb4 44. Qd6 Bb7 45. Rc7 Qxd6 46. cxd6 f6
47. Rxb7 $1 Rxb7 48. e5 Rb6 49. e6 Rd8 50. e7 1-0

[Event "St Petersburg op"]
[Site "St Petersburg"]
[Date "1994.??.??"]
[Round "8"]
[White "Agrest, Evgenij"]
[Black "Genba, Vladimir"]
[Result "1/2-1/2"]
[WhiteElo "2475"]
[BlackElo "2350"]
[Annotator "Ribli,Z"]
[PlyCount "71"]
[EventDate "1994.02.??"]
[EventType "swiss"]
[EventRounds "9"]
[EventCountry "RUS"]
[SourceTitle "CBM 041"]
[Source "ChessBase"]
[SourceDate "1994.08.01"]
[SourceVersion "1"]
[SourceVersionDate "1994.08.01"]
[SourceQuality "1"]

1. d4 Nf6 2. c4 d6 3. Nc3 e5 4. Nf3 Nbd7 5. e4 Be7 6. Be2 O-O 7. O-O c6 8. d5
a6 9. Be3 cxd5 10. cxd5 Ne8 11. a4 g6 12. Nd2 (12. a5 f5 $5) 12... Bg5 $5 (
12... f5 13. f3 f4 14. Bf2 $14) 13. Nc4 (13. Bxg5 Qxg5 14. a5 f5 15. b4 Ndf6
$13) 13... Bxe3 14. fxe3 (14. Nxe3 f5 (14... a5 $5) 15. exf5 gxf5 16. f4 Qb6
17. Qd2 Nc5 18. a5 $13) 14... Nb6 15. Na3 Bd7 16. a5 Nc8 17. b4 (17. Nc4 Bb5 (
17... b5 18. axb6 Nxb6 19. Na5 $14) 18. b4 $13) 17... b5 18. axb6 Qxb6 19. Nc2
(19. Qd2 $6 Qxb4 20. Nc4 Qb8 21. Rfb1 Qc7 $13) 19... f5 20. Kh1 Ne7 21. exf5
gxf5 22. b5 Nc7 23. Na4 Qb7 24. bxa6 (24. b6 Ncxd5 $17) 24... Nxa6 (24... Qxd5
$2 25. Nb6 Qxd1 26. Rfxd1 $18) 25. Rb1 Qc7 (25... Qxd5 $2 26. Nb6 $18) 26. Nb6
Ra7 27. Na3 (27. Nxd7 Qxd7 28. Bxa6 Rxa6 29. Nb4 Rb6 30. Nc6 Rxb1 31. Nxe7+
Qxe7 32. Qxb1 $10) 27... Nc5 28. Nac4 Ne4 29. Qe1 Be8 30. Bf3 Nc5 31. Qb4 Bg6
32. Be2 Rb8 33. Ra1 Rab7 34. Na8 Qd8 (34... Rxb4 35. Nxc7 $13) 35. Qa3 Nxd5 36.
Nxe5 (36. Nxe5 dxe5 $1 37. Qxc5 Rc8 $1 38. Qa3 (38. Qa5 Qxa5 39. Rxa5 Nxe3 $17)
38... Rbb8 $1 $19) 1/2-1/2

[Event "Jakarta Gunadarma"]
[Site "Jakarta"]
[Date "1996.??.??"]
[Round "6"]
[White "Krasenkow, Michal"]
[Black "Hickl, Joerg"]
[Result "1-0"]
[WhiteElo "2605"]
[BlackElo "2600"]
[Annotator "Ribli,Z"]
[PlyCount "47"]
[EventDate "1996.10.15"]
[EventType "tourn"]
[EventRounds "9"]
[EventCountry "INA"]
[EventCategory "13"]
[SourceTitle "CBM 056"]
[Source "ChessBase"]
[SourceDate "1997.02.01"]
[SourceVersion "1"]
[SourceVersionDate "1997.02.01"]
[SourceQuality "1"]

1. d4 {Krasenkow,M Ftacnik} d6 2. Nf3 Nf6 {In der ersten Runde des Turniers
spielte Hickl 2...Bg4 gegen Portisch.} 3. c4 Nbd7 4. Nc3 c6 5. e4 e5 6. Be2 Be7
7. O-O O-O 8. Qc2 a6 9. Rd1 Qc7 10. Rb1 b5 (10... Re8 11. h3 Nf8 $6 12. Be3 Ng6
13. dxe5 dxe5 14. c5 Nh5 15. Na4 $14 {Galliamova Ivanchuk,A-Shchukin,D/St.
Petersburg Petrov/1996/CBM52/}) 11. b4 Bb7 12. dxe5 (12. a4 $5) 12... Nxe5 (
12... dxe5 13. c5 $14) 13. Nxe5 dxe5 14. Be3 Rac8 $6 {Meiner Meinung nach ist
14...Rad8! besser, mit der Möglichkeit zum Abtausch. Ribli.} (14... Rab8 $5 {
Krasenkow,M} 15. a4 $140 bxc4 16. Bxc4 Bc8 {Hickl,J}) 15. a4 $1 bxc4 (15...
bxa4 16. c5 $14) (15... c5 {Krasenkow,M} 16. bxc5 bxc4 17. Rb4 $1 $16) 16. Bxc4
{Weiß hat positionellen Vorteil erreicht. Die schwarzen Figuren Rc8 und Bb7
haben keine Zukunft.Ribli.} Ng4 (16... c5 17. b5 axb5 18. axb5 $16) (16... Rfd8
$142 {Krasenkow,M}) 17. Bc5 Nf6 18. a5 Bxc5 19. bxc5 Rcd8 20. Rxd8 Rxd8 21. Qb3
Qxa5 $4 {Das ist eine Fehlkalkulation. Nach 21...Rd7 ist die schwarze Stellung
schlecht, er kann aber noch kämpfen. Ribli} (21... Rd7 {Krasenkow,M} 22. Qb6
Kf8 (22... Qc8 23. Bxa6 $1 $18) 23. Qxc7 Rxc7 24. f3 {|+-}) 22. Qxb7 Qxc3 23.
Qc7 $1 {Das ist ein gutes Beispiel zum Thema: Die Drohung ist oft stärker als
ihre (sofortige) Ausführung.Ribli.} (23. Qxf7+ $2 {Krasenkow,M} Kh8) 23... Qd4
(23... Rf8 24. Qxf7+ $1 Rxf7 25. Rb8+ Ne8 26. Rxe8#) (23... Ra8 24. Rb8+) (
23... Re8 {Krasenkow,M} 24. Bxf7+) 24. Bd5 $1 {[%cal Gc7f7] Und Schwarz gab
auf, denn auf 24...Rf8 folgt 25.Qxf7 Rxf7 26.Rb8 mit Matt. Ribli.} (24. Bd5 {
Ftacnik} Rf8 (24... Re8 25. Bxf7+) 25. Qxf7+ $1) 1-0